000 00884nam a22002537a 4500
001 9232
003 FISKH
005 20251204092058.0
008 251204b cb ||||| |||| 00| 0 eng d
020 _a9781842393185
040 _aFISKH
_beng
_cFISKH
_dFISKH
082 _a 823.912
100 _aBlyton, Enid
245 _aReynard's wonderful plan /
_cby Enid Blyton
260 _aLondon :
_bAlligator Book,
_c2000.
300 _a20 unnumbered pages :
_bcolor illustrations ;
_c24 cm
505 _aJ
520 _aThis great series of hardback books are good for kids to read by themselves or with a parent. There are 8 titles in the series and each one is a classic Enid Blyton tale accompanied by wonderful illustrations
521 8 _a500
_bLexile estimate
521 8 _aJ
_bRaz-Plus
650 _achildren's English
_xRed
942 _2ddc
_cBK
_n0
999 _c9232
_d9232